000 00665nam a2200265Ia 4500
001 Para_5944
003 CHAP
008 220125s1908 xx 000 0 und d
010 _a204405
040 _cCHAP
082 _aPA 580 T49 1908
245 _aA text- book of botany /
_c by Eduard Strasburger [ et.al.]
250 _a3
260 _aLondon :
_b MacMillan
300 _a746 p.
650 _aBotánica
_914477
700 _aStrasburger, Eduard
_9109952
901 _aPA 580 T49 1908
902 _aA
905 _a0000001908 a 0000000000 00
910 _a1908
942 _cPARA
942 _cPARA
_d1
999 _c204405
_d204405